000 00768nam a22002297a 4500
999 _c11096
_d11096
003 AR-CdUCM
008 190402b ||||| |||| 00| 0 spa d
040 _aMUNICIPALIDAD PROVINCIAL DEL CUSCO
_cBIBLIOTECA MUNICIPAL DEL CUSCO
041 _hfre
082 _22ed.
_a375.28 /
_bP59 / 1960
100 _aPiobetta, J. B.
_928255
245 _aExámenes y concursos /
260 _aBuenos Aires :
_bKapelusz,
_c1960.
300 _a114 páginas ;
_c20 cm.
500 _aTitulo original: Examens et concours.
505 _aContenido: Resumen histórico -- Las pruebas -- El candidato -- El examinador -- La virtud de los exámenes.
650 _aExámenes
_928256
650 _aConcurso
_915341
650 _aHistórico
_927608
942 _2ddc
_cLIBROS
945 _aacv